000 00628nam a2200193Ii 4500
003 JO-AjNU
008 230605s9999||||xx |||||||||||||| ||und||
040 _aJO-AjNU
_bara
_erda
_cJO-AjNU
041 _aara
050 1 4 _aRB46.5.R3364 1990
100 3 _aصالح، رفيق عبدالرحمن,
_eauthor
_942481
245 0 0 _aمبادئ علم المناعة والفحوصات المناعية
264 3 1 _aعمان:دار الفكر ، 1990
300 _a158ص
336 _atext
_btxt
_2rdacontent
337 _aunmediated
_bn
_2rdamedia
338 _avolume
_bnc
_2rdacarrier
650 4 _aعلم المناعة
_942482
999 _aA18193
_c21761
_d21761